[Event "E0246, DESC"]
[Site "?"]
[Date "1999.??.??"]
[Round "?"]
[White "Mosley, Gene"]
[Black "Rosek, Holger"]
[Result "0-1"]
[WhiteElo "2490"]
[BlackElo "2820"]
[PlyCount "38"]
[EventDate "1999.??.??"]
[Source "www.chesslib.no"]
[SourceDate "2004.05.04"]

1. e4 e5 2. d4 Qh4 3. Nc3 Bb4 4. Be3 Nf6 5. Nf3 Qxe4 6. Ng5 Qc6 7. Bd2 exd4 8. Qe2+ Be7 9. Nce4 Nxe4 10. Nxe4 O-O 11. c3 d5 12. Ng3 Ba3 13. bxa3 Re8 14. Be3 Qxc3+ 15. Qd2 Qxa1+ 16. Qc1 Qxc1+ 17. Ke2 Rxe3+ 18. fxe3 Bg4+ 19. Kd3 Qd1# 0-1

[Event "Istanbul ol (Men)"]
[Site "Istanbul"]
[Date "2000.10.31"]
[Round "4"]
[White "Tiviakov, Sergei"]
[Black "Hodgson, Julian M"]
[Result "1/2-1/2"]
[WhiteElo "2608"]
[BlackElo "2640"]
[PlyCount "38"]
[EventDate "2000.10.??"]
[Source "www.chesslib.no"]
[SourceDate "2004.05.04"]

1. e4 e5 2. d4 d5 3. Nd2 dxe4 4. Nxe4 Nd7 5. Nf3 Ngf6 6. Nxf6+ Nxf6 7. Bd3 c5 8. dxc5 Bxc5 9. O-O h6 10. Qe2 O-O 11. Bf4 Bd6 12. Nxe5 Qc7 13. Rad1 b6 14. Bg3 Rd8 15. c3 Bb7 16. Bb1 Ba6 17. Qxa6 Bxe5 18. Bxe5 Qxe5 19. h3 Qc7 1/2-1/2

[Event "Tel Aviv super 1st"]
[Site "Tel Aviv"]
[Date "1999.05.15"]
[Round "5"]
[White "Sutovsky, Emil"]
[Black "Alterman, Boris"]
[Result "1-0"]
[WhiteElo "2610"]
[BlackElo "2615"]
[PlyCount "131"]
[EventDate "1999.05.??"]
[Source "ChessBase"]
[SourceDate "1999.08.01"]

1. e4 e5 2. d4 exd4 3. Nf3 d5 4. Qxd4 Nf6 5. Nc3 Nc6 6. Bb5 dxe4 7. Qxd8+ Kxd8 8. Ng5 Be6 9. Be3 a6 10. O-O-O+ Ke8 11. Bxc6+ bxc6 12. Ncxe4 Nxe4 13. Nxe4 Be7 14. Rhe1 Rd8 15. Rxd8+ Kxd8 16. Bc5 Bf6 17. Bd4 Be7 18. Bc5 Bf6 19. Bd4 Be7 20. g3 Rg8 21. Bc5 Bf6 22. Bd4 Be7 23. Bc5 Bf6 24. Bb4 Bd5 25. Nxf6 gxf6 26. Be7+ Kd7 27. Bxf6 Re8 28. Rxe8 Kxe8 29. Kd2 c5 30. a3 Be4 31. c3 Kd7 32. Ke3 Bc2 33. Kf4 Ke8 34. Kg5 c4 35. Be5 c6 36. Kf6 a5 37. g4 Kf8 38. Bd6+ Kg8 39. Bf4 a4 40. Bh6 Bd1 41. h3 Bf3 42. g5 Be4 43. f4 Bf3 44. f5 Bd1 45. Ke5 Bc2 46. f6 Bd1 47. Kd4 Bf3 48. Kc5 Be4 49. h4 Bf3 50. Kxc4 Bd5+ 51. Kb4 Bb3 52. Kc5 Bd5 53. c4 Bf3 54. Kb4 Bd1 55. c5 Bc2 56. Kc3 Bb3 57. Kd3 Kh8 58. Kd2 Kg8 59. h5 Kh8 60. Bg7+ Kg8 61. h6 Bc4 62. b4 axb3 63. Kc3 Be6 64. a4 Bd5 65. a5 Bc4 66. Kb2 1-0

[Event "Gawlikowski mem 18th"]
[Site "?"]
[Date "1999.??.??"]
[Round "?"]
[White "Zezulkin Jurij"]
[Black "Rozentalis Eduardas"]
[Result "0-1"]
[WhiteElo "2473"]
[BlackElo "2577"]
[PlyCount "77"]
[EventDate "1999.??.??"]
[Source "www.chesslib.no"]
[SourceDate "2004.05.04"]

1. e4 e5 2. d4 exd4 3. Nf3 Nf6 4. e5 Ne4 5. Bb5 Nc6 6. O-O a6 7. Bxc6 dxc6 8. Re1 Nc5 9. Bg5 Be7 10. Bxe7 Qxe7 11. Qxd4 O-O 12. Nc3 Bf5 13. Re2 Rfd8 14. Qf4 Bg6 15. Rae1 Ne6 16. Qg4 c5 17. Ne4 Rd5 18. c3 Rad8 19. Ng3 Rd1 20. h4 h6 21. Kh2 Rxe1 22. Rxe1 Qd7 23. h5 Bh7 24. Nh4 Qd2 25. Re2 Qf4 26. Qxf4 Nxf4 27. Re3 Rd2 28. Ne4 Rxb2 29. Nxc5 Rxa2 30. Rf3 Ne6 31. Nxe6 fxe6 32. Ng6 Bxg6 33. hxg6 Rc2 34. Rd3 Kf8 35. Rd7 Rxc3 36. Rf7+ Ke8 37. Rxg7 Kf8 38. Rf7+ Kg8 39. Re7 0-1

[Event "CZE-chT 9899"]
[Site "CZE"]
[Date "1998.??.??"]
[Round "4"]
[White "Zezulkin, Jurij"]
[Black "Plachetka, Jan"]
[Result "1-0"]
[WhiteElo "2485"]
[BlackElo "2445"]
[PlyCount "125"]
[EventDate "1998.??.??"]
[Source "www.chesslib.no"]
[SourceDate "2004.05.04"]

1. e4 e5 2. d4 exd4 3. Nf3 Bc5 4. c3 dxc3 5. Nxc3 d6 6. Bc4 Nf6 7. O-O Nc6 8. Bg5 h6 9. Bxf6 Qxf6 10. Nd5 Qd8 11. b4 Bb6 12. a4 Bg4 13. a5 Bd4 14. Rc1 O-O 15. Be2 Bxf3 16. Bxf3 a6 17. Nxc7 Bxf2+ 18. Rxf2 Qxc7 19. Be2 Qe7 20. Bc4 Ne5 21. Bd5 Qg5 22. Rc3 Rac8 23. Rfc2 Rxc3 24. Rxc3 Kh7 25. Bxb7 Rb8 26. Bxa6 Rxb4 27. Bf1 Rb2 28. a6 Qf4 29. Qe1 Ng4 30. Qg3 Qf6 31. e5 dxe5 32. h3 Qb6+ 33. Kh1 Rb1 34. Qd3+ e4 35. Qxe4+ g6 36. Qf4 Ne5 37. Rc1 Rxc1 38. Qxc1 Qd4 39. Qe1 Nc6 40. Qe8 Qf6 41. Bb5 Na7 42. Bc4 Kg7 43. Qe3 Nc8 44. Qc5 Nb6 45. Bb5 h5 46. Kg1 h4 47. Bf1 Nd7 48. Qf2 Qxf2+ 49. Kxf2 Kf6 50. Bb5 Nb6 51. a7 Kf5 52. Ke3 Ke5 53. Be8 Ke6 54. Kf4 Kd6 55. Bxf7 Kc6 56. Kg5 Kb7 57. Kxh4 Kxa7 58. Kg5 Kb7 59. Kxg6 Kc7 60. h4 Kd7 61. h5 Ke7 62. h6 Nd7 63. Kg7 1-0

[Event "Poraj (Poland)"]
[Site "?"]
[Date "2003.??.??"]
[Round "7"]
[White "Bobras Piotr"]
[Black "Murdzia Piotr"]
[Result "1/2-1/2"]
[WhiteElo "2453"]
[BlackElo "2454"]
[PlyCount "67"]
[EventDate "2003.??.??"]
[Source "www.chesslib.no"]
[SourceDate "2004.05.04"]

1. e4 e5 2. d4 exd4 3. Nf3 d5 4. Qxd4 Nf6 5. Nc3 Nc6 6. Bb5 Bd7 7. Bxc6 Bxc6 8. Ne5 dxe4 9. Nxc6 bxc6 10. Qc4 Qd7 11. Bg5 Be7 12. Rd1 Qe6 13. Qxe6 fxe6 14. Ke2 Rb8 15. b3 Rg8 16. Rd4 Rb4 17. Rhd1 Kf7 18. Rxb4 Bxb4 19. Na4 Bd6 20. h3 e5 21. g4 h5 22. gxh5 Nxh5 23. Nc3 Nf6 24. Rg1 Rh8 25. Rg3 Ke6 26. Be3 a6 27. Rxg7 Rxh3 28. Rg6 Kf7 29. Rg1 Bb4 30. Na4 Nd5 31. Rg4 Nxe3 32. fxe3 Rh2+ 33. Kd1 Rh1+ 34. Ke2 1/2-1/2

[Event "Mondariz op 7th"]
[Site "Mondariz"]
[Date "2000.08.01"]
[Round "7"]
[White "Dimitrov, Vladimir"]
[Black "Hernandez, Roman"]
[Result "1-0"]
[WhiteElo "2499"]
[BlackElo "2400"]
[PlyCount "73"]
[EventDate "2000.07.26"]
[Source "www.chesslib.no"]
[SourceDate "2004.05.04"]

1. e4 e5 2. d4 exd4 3. Nf3 Bb4+ 4. c3 dxc3 5. Nxc3 Qe7 6. Bd3 Nc6 7. O-O Bxc3 8. bxc3 d6 9. Qb3 Nf6 10. Ba3 O-O 11. Rae1 Nh5 12. e5 Nf4 13. Be4 Qd7 14. h3 d5 15. Rd1 Nxg2 16. Qxd5 Qxd5 17. Bxd5 Bxh3 18. Bxf8 Kxf8 19. Bxc6 bxc6 20. Ng5 Nf4 21. Nxh3 Nxh3+ 22. Kh2 Nf4 23. Kg3 Ne2+ 24. Kf3 Nxc3 25. Rc1 Nxa2 26. Rxc6 Re8 27. Ra1 Nb4 28. Rxc7 Nd3 29. Kg3 Nxe5 30. f4 Ng6 31. Raxa7 Ne7 32. Kg4 f6 33. Rc1 Ng8 34. Kf3 Ne7 35. Rh1 Kg8 36. Re1 Kf8 37. Re4 1-0

[Event "Cappelle Open"]
[Site "Cappelle la Grande FRA"]
[Date "1993.??.??"]
[Round "2"]
[White "Karpatchev, Aleksandr"]
[Black "Grigorov, Jordan N"]
[Result "1-0"]
[WhiteElo "2505"]
[BlackElo "2380"]
[PlyCount "57"]
[EventDate "1993.02.??"]
[Source "www.chesslib.no"]
[SourceDate "2004.05.04"]

1. e4 e5 2. d4 exd4 3. Bc4 Nf6 4. Nf3 Be7 5. e5 Ne4 6. Qxd4 Ng5 7. Nxg5 Bxg5 8. Bxg5 Qxg5 9. O-O Nc6 10. Qe4 Qg6 11. Qxg6 hxg6 12. Nc3 O-O 13. Rfe1 Nd4 14. Nd5 d6 15. Re4 Nf5 16. Nxc7 Rb8 17. g4 Nh4 18. exd6 b5 19. Bd5 Rb6 20. Rd1 Kh8 21. Bxf7 Nf3+ 22. Kg2 Bb7 23. Re8 Rxe8 24. Nxe8 Bc6 25. Nc7 Ne5+ 26. Bd5 Bd7 27. Be6 Bc6+ 28. Kg3 Rb8 29. f4 1-0

[Event "YUG-ch op"]
[Site "?"]
[Date "1996.??.??"]
[Round "2"]
[White "Dimitrov Vladimir"]
[Black "Djukic Zeljko"]
[Result "1-0"]
[WhiteElo "2495"]
[BlackElo "2385"]
[PlyCount "39"]
[EventDate "1996.??.??"]
[Source "www.chesslib.no"]
[SourceDate "2004.05.04"]

1. e4 e5 2. d4 d5 3. Nd2 dxe4 4. Nxe4 Be7 5. Bd3 Nf6 6. Nf3 Nbd7 7. Qe2 c5 8. Nxc5 Nxc5 9. dxc5 Qa5+ 10. Bd2 Qxc5 11. O-O-O a6 12. Nxe5 b5 13. g4 Bb7 14. Rhe1 Nd5 15. Kb1 Bh4 16. g5 Qxf2 17. Qg4 Ne7 18. Rf1 Qxh2 19. Nxf7 O-O 20. Bxh7+ 1-0

[Event "POL-chT"]
[Site "Zakopane"]
[Date "2000.09.03"]
[Round "2"]
[White "Macieja, Bartlomiej"]
[Black "Weglarz, Leszek"]
[Result "1-0"]
[WhiteElo "2536"]
[BlackElo "2335"]
[PlyCount "83"]
[EventDate "2000.09.02"]
[Source "www.chesslib.no"]
[SourceDate "2004.05.04"]

1. e4 e5 2. d4 exd4 3. Nf3 d5 4. Qxd4 dxe4 5. Qxd8+ Kxd8 6. Ng5 Nh6 7. Nxe4 Bb4+ 8. Nbc3 Bxc3+ 9. Nxc3 Re8+ 10. Be2 Nf5 11. Bf4 Be6 12. O-O-O+ Kc8 13. g4 Ne7 14. Bf3 a6 15. Ne4 Nd7 16. Ng5 Ng6 17. Bg3 Nde5 18. Nxe6 fxe6 19. Be2 Rf8 20. Rd4 Nc6 21. Re4 e5 22. Bc4 Nf4 23. Rd1 b5 24. Bxf4 bxc4 25. Bg3 c3 26. b3 Kb7 27. Rd3 Rad8 28. Rxc3 Rd4 29. Rxd4 exd4 30. Rc5 Rf7 31. Kd2 Rd7 32. a3 Ne7 33. Kd3 Kb6 34. Rh5 h6 35. Re5 c5 36. Re6+ Nc6 37. f4 Kb7 38. f5 Ne7 39. Kc4 Nd5 40. Bf2 Nf6 41. h3 Rc7 42. Bg3 1-0

[Event "44th National A ch-IND"]
[Site "Atul IND"]
[Date "2006.12.26"]
[Round "10"]
[White "Rohit, G."]
[Black "Barua, D."]
[Result "1/2-1/2"]
[WhiteElo "2393"]
[BlackElo "2471"]
[PlyCount "97"]
[EventDate "2006.12.18"]
[Source "www.chesslib.no"]
[SourceDate "2004.05.04"]

1. e4 e5 2. d4 d5 3. Nc3 Nf6 4. Bg5 dxe4 5. Nxe4 Be7 6. Bxf6 gxf6 7. Nf3 a6 8. g3 b5 9. Bg2 Bb7 10. Qe2 Nd7 11. O-O O-O 12. Rfd1 Bd5 13. c3 f5 14. Ned2 Bf6 15. Nf1 Nb6 16. Ne3 Be4 17. Nxe5 Bxg2 18. Nxg2 Nd5 19. Nd3 Qd6 20. Ngf4 Nxf4 21. Nxf4 c6 22. Qf3 h6 23. Qh5 Bg7 24. Rd3 Rfd8 25. Qh4 Ra7 26. Re1 Qe7 27. Qh5 Qg5 28. Qf3 Rd6 29. Rde3 b4 30. h4 Qd8 31. Nd3 a5 32. Qf4 Rd5 33. Qf3 Rc7 34. Nf4 Rd6 35. Qh5 bxc3 36. bxc3 c5 37. d5 Rxd5 38. Nxd5 Qxd5 39. Qd1 Qc6 40. Qd8+ Kh7 41. Rd3 Rb7 42. Red1 Rb2 43. R3d2 Rxd2 44. Rxd2 f4 45. Qd7 Qe4 46. Qd3 Qxd3 47. Rxd3 fxg3 48. fxg3 c4 49. Rf3 1/2-1/2

[Event "FSGM December"]
[Site "Budapest"]
[Date "2004.12.10"]
[Round "7"]
[White "Horvath, Andras"]
[Black "Ilincic, Zlatko"]
[Result "0-1"]
[WhiteElo "2339"]
[BlackElo "2522"]
[PlyCount "66"]
[EventDate "2004.12.04"]
[Source "Roberto Alvarez"]
[SourceDate "2004.12.13"]

1. e4 e5 2. d4 exd4 3. Nf3 Bb4+ 4. Bd2 Qe7 5. Bd3 Nc6 6. O-O Nh6 7. Bg5 Qe6 8. Qe2 O-O 9. Bc4 Qg6 10. a3 Bc5 11. b4 Bb6 12. b5 Ne5 13. Bxh6 Nxf3+ 14. Qxf3 Qxh6 15. Rd1 d6 16. Bd5 a6 17. bxa6 Rxa6 18. Nd2 c6 19. Bb3 Ba5 20. Nf1 Bc3 21. Ra2 Be6 22. Ng3 Bxb3 23. cxb3 Qe6 24. Nf5 c5 25. h3 g6 26. Ng3 Qxb3 27. Raa1 Rxa3 28. Rxa3 Qxa3 29. Qf6 d3 30. Qxd6 Bd4 31. e5 Qb3 32. Rd2 Qb1+ 33. Kh2 Qe1 0-1

[Event "2. GM"]
[Site "?"]
[Date "2005.02.09"]
[Round "10"]
[White "Petrosian Tigran L"]
[Black "Pourkashiyan Atousa"]
[Result "1-0"]
[WhiteElo "2568"]
[BlackElo "2260"]
[PlyCount "81"]
[EventDate "2005.??.??"]
[Source "www.chesslib.no"]
[SourceDate "2004.05.04"]

1. e4 e5 2. d4 exd4 3. Nf3 d5 4. Qxd4 Be6 5. exd5 Qxd5 6. Nc3 Qxd4 7. Nxd4 Nf6 8. Bf4 c6 9. Nxe6 fxe6 10. O-O-O Bb4 11. Bd2 Nbd7 12. Re1 Kf7 13. a3 Ba5 14. Bc4 Rhe8 15. f4 g6 16. Rhf1 Nd5 17. b4 Bc7 18. Ne4 h6 19. Bb3 a5 20. Kb2 axb4 21. axb4 N7f6 22. Nc5 e5 23. Bxd5+ cxd5 24. fxe5 Bxe5+ 25. Kb3 Kg7 26. Bc1 Rac8 27. Rxe5 Rxe5 28. Bb2 Rce8 29. Bxe5 Rxe5 30. Nxb7 Re3+ 31. Kb2 Nd7 32. Rf3 Re2 33. b5 Rxg2 34. Nd6 Nb6 35. Rf7+ Kg8 36. Rb7 Na4+ 37. Ka3 Nc5 38. Rc7 Rxc2 39. b6 d4 40. Rxc5 Rxc5 41. b7 1-0

[Event "JUG-ch op"]
[Site "Nis"]
[Date "1996.??.??"]
[Round "5"]
[White "Kosanovic, Goran A"]
[Black "Petronijevic, Zoran"]
[Result "1/2-1/2"]
[WhiteElo "2420"]
[BlackElo "2400"]
[PlyCount "41"]
[EventDate "1996.??.??"]
[Source "www.chesslib.no"]
[SourceDate "2004.05.04"]

1. e4 e5 2. d4 exd4 3. Nf3 Nf6 4. e5 Ne4 5. Qxd4 d5 6. exd6 Nxd6 7. Nc3 Nc6 8. Qf4 Qe7+ 9. Be3 Be6 10. O-O-O O-O-O 11. Bd3 h6 12. Rhe1 Kb8 13. h4 Qe8 14. Qa4 Nc8 15. Bb5 Rxd1+ 16. Nxd1 a6 17. Bxc6 Qxc6 18. Qxc6 bxc6 19. Nc3 Bb4 20. Bd4 Rg8 21. a3 1/2-1/2

[Event "Bled op"]
[Site "Bled"]
[Date "2001.03.25"]
[Round "2"]
[White "Sveshnikov, Evgeny"]
[Black "Srebrnic, Vojko"]
[Result "1-0"]
[WhiteElo "2561"]
[BlackElo "2242"]
[PlyCount "123"]
[EventDate "2001.03.24"]
[Source "ChessBase"]
[SourceDate "2001.05.06"]

1. e4 e5 2. d4 exd4 3. Nf3 Nf6 4. e5 Ne4 5. Qxd4 d5 6. exd6 Nxd6 7. Bd3 Nc6 8. Qf4 Be7 9. Nc3 Be6 10. O-O O-O 11. Be3 Qd7 12. Rfd1 Rad8 13. Bb5 a6 14. Ne5 Qe8 15. Nxc6 bxc6 16. Bxa6 Rb8 17. b3 Nf5 18. Ne4 Nxe3 19. Qxe3 Bd5 20. Bf1 Ba3 21. Re1 Qe5 22. Nc3 Qxe3 23. Rxe3 Be6 24. Na4 Rfd8 25. Bd3 Rd6 26. Rae1 g6 27. h3 Rbd8 28. Re5 Ra8 29. R5e4 Rd7 30. g4 Bd5 31. Re8+ Rxe8 32. Rxe8+ Kg7 33. Be4 Be6 34. Kf1 Rd1+ 35. Ke2 Ra1 36. Bxc6 Rxa2 37. Kd3 Ra1 38. Nc3 Rf1 39. Ne4 Bb2 40. c4 h5 41. Bd5 Bxd5 42. cxd5 Bc1 43. gxh5 gxh5 44. Re5 Kg6 45. Ke2 Rh1 46. Rxh5 Bf4 47. Rh4 Be5 48. f4 Bd6 49. Rg4+ Kh6 50. Nxd6 cxd6 51. Rg3 Rb1 52. Kd2 Rf1 53. b4 Rxf4 54. Rb3 Rd4+ 55. Ke3 Rxd5 56. b5 Re5+ 57. Kd4 Re8 58. b6 f5 59. b7 Rb8 60. Kd5 f4 61. Kxd6 f3 62. Kc7 1-0

[Event "Gyongyos Matra Kupa"]
[Site "Gyongyos"]
[Date "1998.??.??"]
[Round "6"]
[White "Parkanyi, Attila"]
[Black "Krivolapov, Konstantin"]
[Result "1-0"]
[WhiteElo "2395"]
[BlackElo "2405"]
[PlyCount "55"]
[EventDate "1998.??.??"]
[Source "www.chesslib.no"]
[SourceDate "2004.05.04"]

1. e4 e5 2. d4 exd4 3. Nf3 Nf6 4. e5 Ne4 5. Qxd4 d5 6. exd6 Nxd6 7. Bd3 Nc6 8. Qf4 Be7 9. Nc3 Be6 10. Be3 Bf6 11. O-O-O Bxc3 12. bxc3 Qf6 13. Qxf6 gxf6 14. Nd4 Nxd4 15. Bxd4 Ke7 16. Rhe1 b6 17. f4 c5 18. Bf2 f5 19. g4 Kf6 20. Bh4+ Kg7 21. Bxf5 Nxf5 22. gxf5 Bxf5 23. Re5 Bg6 24. f5 f6 25. Rd7+ Bf7 26. Re6 Rhf8 27. Bxf6+ Kg8 28. Re3 1-0

[Event "Pardubice Open"]
[Site "Pardubice CZE"]
[Date "1995.??.??"]
[Round "?"]
[White "Skatchkov, Pavel"]
[Black "Kuzmin, Gennadi P"]
[Result "0-1"]
[WhiteElo "2250"]
[BlackElo "2545"]
[PlyCount "38"]
[EventDate "1995.07.??"]
[Source "www.chesslib.no"]
[SourceDate "2004.05.04"]

1. e4 e5 2. d4 exd4 3. Bc4 Nf6 4. Nf3 c6 5. Qxd4 d5 6. exd5 cxd5 7. Bb5+ Nc6 8. Bg5 Be7 9. O-O O-O 10. Qh4 h6 11. Bd3 hxg5 12. Nxg5 g6 13. Qh6 Ne5 14. Nc3 Neg4 15. Qh4 Nh5 16. f4 Kg7 17. h3 Bc5+ 18. Kh1 Rh8 19. f5 Qxg5 0-1

[Event "100th Ann. Geneva CC, Geneva SUI"]
[Site "?"]
[Date "2001.??.??"]
[Round "4"]
[White "Miralles, G."]
[Black "Bucher, D."]
[Result "1-0"]
[WhiteElo "2470"]
[BlackElo "2310"]
[PlyCount "51"]
[EventDate "2001.??.??"]
[Source "www.chesslib.no"]
[SourceDate "2004.05.04"]

1. e4 e5 2. d4 exd4 3. Bc4 Bb4+ 4. c3 dxc3 5. bxc3 Bf8 6. Nf3 d6 7. Qb3 Qd7 8. O-O Nc6 9. Bd5 Nf6 10. Re1 Ne5 11. Bxb7 Rb8 12. Nxe5 dxe5 13. Bc6 Qxc6 14. Qxb8 Qa6 15. Be3 Bd6 16. Qxa7 Nxe4 17. Qxa6 Bxa6 18. f4 O-O 19. fxe5 Bxe5 20. Bd4 Bxd4+ 21. cxd4 f5 22. Rc1 Rd8 23. Rxc7 Rxd4 24. Nc3 Rd3 25. Rc1 Rd2 26. Rd1 1-0

[Event "ESP-chT2"]
[Site "?"]
[Date "2001.??.??"]
[Round "6"]
[White "Sanz Alonso Francisco Javier"]
[Black "Lezcano Jaen Pedro"]
[Result "1/2-1/2"]
[WhiteElo "2390"]
[BlackElo "2386"]
[PlyCount "21"]
[EventDate "2001.??.??"]
[Source "www.chesslib.no"]
[SourceDate "2004.05.04"]

1. e4 e5 2. d4 exd4 3. Nf3 d5 4. exd5 Qxd5 5. Qxd4 Qxd4 6. Nxd4 c6 7. Bc4 Bc5 8. Be3 Nd7 9. O-O Ne7 10. Nc3 O-O 11. Rfe1 1/2-1/2

[Event "Ch Bosnia & Herzegovina (team)"]
[Site "Vogosca (Bosnia & Herzegovina"]
[Date "2007.06.07"]
[Round "6"]
[White "Arapovic Vitomir (BIH)"]
[Black "Kelecevic Nedeljko (BIH)"]
[Result "1/2-1/2"]
[WhiteElo "2379"]
[BlackElo "2371"]
[PlyCount "39"]
[EventDate "2007.??.??"]
[Source "www.chesslib.no"]
[SourceDate "2004.05.04"]

1. e4 e5 2. d4 d5 3. exd5 exd4 4. Bd3 Bd6 5. Ne2 Ne7 6. Bf4 Bxf4 7. Nxf4 Qxd5 8. Qd2 Nbc6 9. c3 O-O 10. O-O Ng6 11. Nxg6 hxg6 12. Na3 a6 13. Nc2 Bd7 14. Rfe1 Rae8 15. Rxe8 Rxe8 16. Re1 Rxe1+ 17. Qxe1 Kf8 18. f3 Bf5 19. Qd2 Bxd3 20. Qxd3 1/2-1/2

[Event "Melbourne Masters"]
[Site "Melbourne AUS"]
[Date "1992.??.??"]
[Round "6"]
[White "Levi, Eddy"]
[Black "Solomon, Stephen J"]
[Result "0-1"]
[WhiteElo "2300"]
[BlackElo "2445"]
[PlyCount "62"]
[EventDate "1992.??.??"]
[Source "www.chesslib.no"]
[SourceDate "2004.05.04"]

1. e4 e5 2. d4 exd4 3. Bc4 Nf6 4. Nf3 Nxe4 5. Qxd4 Nf6 6. Bg5 Be7 7. Nc3 Nc6 8. Qh4 d6 9. O-O-O Be6 10. Bd3 Qd7 11. Bb5 O-O 12. Ne5 Qc8 13. Nxc6 bxc6 14. Bxc6 h6 15. Bd2 Rb8 16. Qg3 Qa6 17. Ba4 Bxa2 18. b3 d5 19. Kb2 Ne4 20. Qd3 Rxb3+ 21. Ka1 Qxd3 22. cxd3 Ra3 23. dxe4 Bb3+ 24. Kb2 Bxa4 25. Nxa4 Rxa4 26. exd5 Rc4 27. Kb3 Rc5 28. Be3 Rb8+ 29. Ka4 Rc4+ 30. Ka5 Bf6 31. Bd2 Rc2 0-1

[Event "Pappier Memorial B"]
[Site "CAPA email"]
[Date "1998.05.06"]
[Round "7"]
[White "Hedrera, Marcelo E"]
[Black "Samraoui, Ali"]
[Result "1/2-1/2"]
[WhiteElo "2305"]
[BlackElo "2420"]
[PlyCount "52"]
[EventDate "1998.??.??"]
[Source "www.chesslib.no"]
[SourceDate "2004.05.04"]

1. e4 e5 2. d4 d5 3. dxe5 dxe4 4. Nc3 Qxd1+ 5. Nxd1 Nc6 6. Bf4 Nge7 7. Bb5 Bd7 8. Nc3 Ng6 9. e6 Bxe6 10. Bxc7 Rc8 11. Bg3 f5 12. Nge2 Bb4 13. h4 O-O 14. Bxc6 Rxc6 15. h5 Ne7 16. O-O-O Rfc8 17. a3 Bc5 18. Nd4 Bxd4 19. Rxd4 a6 20. Bf4 Kf7 21. Kb1 Ng8 22. g4 Nf6 23. gxf5 Bxf5 24. h6 gxh6 25. Bxh6 Kg8 26. Be3 h5 1/2-1/2

[Event "Miercurea Ciuc op"]
[Site "Miercurea Ciuc"]
[Date "1998.??.??"]
[Round "5"]
[White "Cioara, Andrei Nestor"]
[Black "Ionescu Brandis, Irina"]
[Result "1-0"]
[WhiteElo "2390"]
[BlackElo "2330"]
[PlyCount "43"]
[EventDate "1998.??.??"]
[Source "www.chesslib.no"]
[SourceDate "2004.05.04"]

1. e4 e5 2. d4 exd4 3. Nf3 d5 4. Qxd4 dxe4 5. Qxd8+ Kxd8 6. Ng5 Nh6 7. Nxe4 Bf5 8. Nbc3 Bb4 9. Bg5+ Kc8 10. O-O-O Ng4 11. Bd3 Be6 12. h3 Ne5 13. Be2 h6 14. Bh4 Ng6 15. Bg3 f5 16. Bh5 Ne7 17. a3 Ba5 18. Nc5 Bc4 19. Rhe1 Nbc6 20. Rd7 g5 21. Rexe7 Nxe7 22. Rxe7 1-0

[Event "Ubeda op 5th"]
[Site "Ubeda"]
[Date "2000.01.20"]
[Round "2"]
[White "Arizmendi Martinez, Julen Luis"]
[Black "Bick, John D"]
[Result "1/2-1/2"]
[WhiteElo "2445"]
[BlackElo "2266"]
[PlyCount "94"]
[EventDate "2000.01.19"]
[Source "ChessBase"]
[SourceDate "2000.04.05"]

1. e4 e5 2. d4 exd4 3. Nf3 Bb4+ 4. c3 dxc3 5. Nxc3 d6 6. Bc4 Nc6 7. O-O Bxc3 8. bxc3 Bg4 9. Qb3 Bxf3 10. Bxf7+ Kf8 11. Bxg8 Rxg8 12. gxf3 Qd7 13. Kg2 Re8 14. Bf4 Re6 15. Qxb7 g5 16. Bg3 Reg6 17. Rad1 Nd8 18. Qd5 h5 19. Qf5+ Qxf5 20. exf5 Rf6 21. Rd5 Ke7 22. h3 Kd7 23. Rfd1 Nb7 24. Kf1 Rgf8 25. f4 gxf4 26. Bxf4 Rxf5 27. Be3 a6 28. Ke2 Ke6 29. Rxf5 Rxf5 30. Rd4 Ra5 31. Re4+ Re5 32. Rb4 Nc5 33. Kf3 Nd7 34. Ra4 a5 35. Rf4 Rf5 36. a4 d5 37. Kg3 Ne5 38. Bd4 c5 39. Bxe5 Kxe5 40. Rxf5+ Kxf5 41. Kf3 h4 42. Ke3 Ke5 43. f3 Kf5 44. f4 Ke6 45. Kf3 Kf6 46. Kf2 Ke6 47. Kf3 Kf5 1/2-1/2

[Event "Club Argentino"]
[Site "Buenos Aires"]
[Date "1977.??.??"]
[Round "7"]
[White "Benko, Francisco"]
[Black "Rubinetti, Jorge Alberto"]
[Result "0-1"]
[WhiteElo "2290"]
[BlackElo "2420"]
[PlyCount "106"]
[EventDate "1977.??.??"]
[Source "ChessBase"]

1. e4 e5 2. d4 d6 3. dxe5 dxe5 4. Qxd8+ Kxd8 5. Nf3 f6 6. Be3 Be6 7. Nbd2 Nd7 8. Bc4 Bxc4 9. Nxc4 c6 10. O-O-O Kc7 11. Rd2 b6 12. Rhd1 Rd8 13. c3 Be7 14. a4 Nh6 15. Bxh6 gxh6 16. Nh4 Nc5 17. Rxd8 Rxd8 18. Nf5 Rxd1+ 19. Kxd1 Bf8 20. f3 Nxa4 21. Kc2 Nc5 22. h4 Ne6 23. Nce3 a5 24. g3 h5 25. Ng2 b5 26. Nge3 a4 27. g4 Nf4 28. gxh5 Nxh5 29. Ng4 Kd7 30. Nge3 Ke6 31. Kd3 Nf4+ 32. Kc2 Bc5 33. Kd2 Kf7 34. Ng4 Kg6 35. Kc2 Bf8 36. Nge3 Nh3 37. Ng4 h5 38. Nh2 Bc5 39. Nf1 Kf7 40. N1g3 Nf4 41. Nf1 Ng2 42. N1g3 Kg6 43. Kd2 Bf2 44. Ne7+ Kf7 45. Ngf5 c5 46. Nd5 b4 47. cxb4 cxb4 48. Ke2 Bc5 49. Kd3 a3 50. bxa3 bxa3 51. Kc3 Bf2 52. Kb3 Nxh4 53. Nh6+ Kg7 0-1

[Event "USA Ch U18"]
[Site "United States of America"]
[Date "1987.??.??"]
[Round "?"]
[White "Edelman, Daniel"]
[Black "Wolff, Patrick G"]
[Result "1/2-1/2"]
[WhiteElo "2330"]
[BlackElo "2380"]
[PlyCount "48"]
[EventDate "1987.??.??"]
[Source "www.chesslib.no"]
[SourceDate "2004.05.04"]

1. e4 e5 2. d4 exd4 3. Nf3 Bb4+ 4. Bd2 Bxd2+ 5. Qxd2 Qe7 6. Qxd4 Nf6 7. Nc3 Nc6 8. Qe3 O-O 9. O-O-O d6 10. Bc4 Ne5 11. Nxe5 dxe5 12. f3 c6 13. a3 b5 14. Ba2 a5 15. Rd2 a4 16. Rhd1 c5 17. Ne2 c4 18. Kb1 Bf5 19. Kc1 Ra7 20. Bb1 Qd8 21. g3 Nd5 22. Nd4 Re8 23. Qh6 Qc8 24. Qa6 Re6 1/2-1/2

[Event "Berliner Sommer 16th"]
[Site "Berlin"]
[Date "1998.??.??"]
[Round "5"]
[White "Jaeckle, Marco"]
[Black "Gross, David"]
[Result "0-1"]
[WhiteElo "2270"]
[BlackElo "2435"]
[PlyCount "74"]
[EventDate "1998.08.08"]
[Source "ChessBase"]
[SourceDate "1998.11.06"]

1. e4 e5 2. d4 exd4 3. Bc4 Nf6 4. Nf3 Nxe4 5. Qxd4 Nf6 6. Bg5 Be7 7. Nc3 Nc6 8. Qh4 d6 9. O-O-O Be6 10. Rhe1 Bxc4 11. Qxc4 O-O 12. Qh4 Re8 13. Re3 Nd7 14. Nd5 f6 15. Bf4 Nb6 16. Qh5 Bf8 17. Nh4 Rxe3 18. Bxe3 Ne5 19. Bxb6 axb6 20. f4 Rxa2 21. fxe5 g6 22. Qf3 Bh6+ 23. Kb1 Qa8 24. Ne7+ Kf8 25. Qxf6+ Ke8 26. Qh8+ Bf8 27. Kc1 Qa5 28. c3 Qb5 29. Rd2 Qa4 30. Rd4 Qb3 31. Rb4 Ra1+ 32. Kd2 Qd1+ 33. Ke3 Qg1+ 34. Kf4 Qxh2+ 35. Kg5 Qg3+ 36. Rg4 h6+ 37. Kf6 Qxe5+ 0-1

[Event "Rowy/POLEN (08.06.-15.06)"]
[Site "?"]
[Date "2002.06.15"]
[Round "8.1"]
[White "Zhigalko Andrey"]
[Black "Krainski Aleksander"]
[Result "1/2-1/2"]
[WhiteElo "2421"]
[BlackElo "2276"]
[PlyCount "52"]
[EventDate "2002.??.??"]
[Source "www.chesslib.no"]
[SourceDate "2004.05.04"]

1. e4 e5 2. d4 exd4 3. Nf3 Nf6 4. e5 Ne4 5. Qxd4 d5 6. exd6 Nxd6 7. Bd3 Nc6 8. Qf4 g6 9. Nc3 Bg7 10. Be3 O-O 11. O-O-O Be6 12. Ng5 Qf6 13. Qxf6 Bxf6 14. Nxe6 fxe6 15. Ne4 Nb4 16. Nxf6+ Rxf6 17. Bc5 Nxd3+ 18. Rxd3 e5 19. Re1 b6 20. Bxd6 cxd6 21. f3 Kf8 22. Rc3 Rd8 23. Rc7 Rf7 24. Rxf7+ Kxf7 25. Re4 Ke6 26. Ra4 Rd7 1/2-1/2